El poder y la gloria

Spremljeno u:
Bibliografski detalji
Glavni autor: Greene, Graham (Autor)
Format: Knjiga
Jezik:španjolski
Izdano: Barcelona Luis de Caralt 1957
Serija:Colección Gigante
Teme:
Oznake: Dodaj oznaku
Bez oznaka, Budi prvi tko označuje ovaj zapis!

MARC

LEADER 00000nam a2200000 a 4500
001 UCW8210
003 CL-VaPUC
008 880715e19570000SP |||||||||||||||||spa|d
082 0 4 |a 823  |b GRE  |2 21 
100 0 |a Greene, Graham  |e author  |9 309259 
245 1 3 |a El poder y la gloria 
300 |a 285 p 
942 |c BK 
945 |d 19880715 00:00:00 
260 |a Barcelona  |b Luis de Caralt  |c 1957 
650 7 |a NOVELA INGLESA  |2 CL-VaPUC  |9 309260 
583 |a last modification  |c 19880715 00:00:00  |k Rodrigo Vera 
490 0 |a Colección Gigante 
999 |c 220665  |d 220663 
952 |0 0  |1 0  |4 0  |6 823_000000000000000_GRE_1957  |7 0  |8 A  |9 213184  |a BIBEDU  |b BIBEDU  |d 2019-11-15  |i 2815060  |o 823 GRE 1957  |p 2815060  |r 2019-11-15  |w 2019-11-15  |y BK  |k LIT